[Event "39th American Open"]
[Site "Los Angeles USA"]
[Date "2003.11.29"]
[Round "6"]
[White "Akobian,V"]
[Black "Blatny,P"]
[Result "1/2-1/2"]
[WhiteElo "2537"]
[BlackElo "2494"]

1.d4 b6 2.e4 Bb7 3.Nd2 e6 4.Ngf3 c5 5.c3 Nf6 6.Bd3 cxd4 7.cxd4 Ba6 8.Bxa6 Nxa6
9.O-O Be7 10.Qe2 Nc7 11.b3 d5 12.e5 Nd7 13.Bb2 Qc8 14.Ne1 Qa6 15.Qxa6 Nxa6
16.a3 f6 17.f4 f5 18.Nd3 Rc8 19.Rac1 Rxc1 20.Rxc1 Ndb8 21.h3 Kd7 22.Kf2 Nc6
23.Ke3 Nc7 24.g4 g6 25.a4 Rb8 26.Ra1 Na6 27.Bc3 Rc8 28.Nf3 Bb4 29.Bxb4 Naxb4
30.Nfe1 Nxd3 31.Nxd3 Na5 32.gxf5 gxf5 33.Rg1 Kc6 34.b4 Nc4+ 35.Ke2 a5 36.bxa5 Nxa5
37.Nb4+ Kb7 38.Rg7+ Rc7 39.Rxc7+ Kxc7 40.Nc2 Nc4 41.Kd3 Nb2+ 42.Kc3 Nxa4+
43.Kb3 b5 44.Ne1 Nb6 45.Kb4 Kc6 46.Nd3 Na4 47.h4 Kb6 48.h5 h6 49.Kb3 Kc7
50.Kb4 Kc6 51.Kb3 Kd7 52.Kb4 Ke7 53.Nc1 Kd7 54.Kxb5 Nc3+ 55.Kb6 Ne4 56.Ne2 Nd2
57.Kb7 Nc4 58.Nc3 Na3 59.Ne2 Nb1 60.Kb6 Nd2 61.Kb7 Nf1 62.Kb6 Ne3 63.Kb7 Nc2
64.Kb6 Nb4 65.Kb7 Kd8 66.Kb6 Kd7 67.Kb7 Nd3 68.Kb6 Nb2 69.Kb7 Na4 70.Kb8 Nb2
71.Kb7 Nc4 72.Nc3 Na5+ 73.Kb6 Nc6 74.Ne2 Nb4 75.Kb7 Nc2 76.Kb6 Na3 77.Kb7 Nb1
78.Kb6 Nd2 79.Kb7 Nc4 80.Nc3  1/2-1/2

[Event "6th Foxwoods Open"]
[Site "Connecticut USA"]
[Date "2004.04.08"]
[Round "2"]
[White "Privman,B"]
[Black "Akobian,V"]
[Result "0-1"]
[WhiteElo "2268"]
[BlackElo "2516"]

1.d4 d5 2.c4 e6 3.Nc3 c5 4.e3 Nf6 5.Nf3 a6 6.cxd5 exd5 7.dxc5 Bxc5 8.Be2 Nc6
9.O-O O-O 10.b3 Qd6 11.Bb2 Ba7 12.Qd2 Bg4 13.Rad1 Rad8 14.Qc1 Rfe8 15.Rfe1 h6
16.Nd4 Nxd4 17.exd4 Re6 18.Ba3 Qb8 19.h3 Bxe2 20.Rxe2 Rxe2 21.Nxe2 Ne4 22.Qb1 Qc7
23.Bb4 Bb8 24.g3 Qd7 25.Kg2 Qb5  0-1

[Event "National Open Blitz"]
[Site "Las Vegas USA"]
[Date "2004.06.17"]
[Round "2"]
[White "Saidy,A"]
[Black "Akobian,V"]
[Result "0-1"]
[WhiteElo "2338"]
[BlackElo "2516"]

1.d4 Nf6 2.c4 e6 3.Nc3 Bb4 4.e3 O-O 5.Ne2 d5 6.cxd5 exd5 7.g3 c6 8.Bg2 Re8
9.O-O Nbd7 10.f3 c5 11.a3 Bxc3 12.bxc3 b6 13.Qd3 a5 14.Re1 Ba6 15.Qd2 Rc8
16.Bb2 Qe7 17.Nf4 Qd6 18.e4 dxe4 19.fxe4 cxd4 20.cxd4 Ne5 21.Qf2 Neg4 22.Qf3 Bb7
23.Qd3 Qd7 24.h3 Nh6 25.d5 Rcd8 26.Bxf6 gxf6 27.Nh5 Qe7 28.Qd2 Qf8 29.Nxf6+ Kh8
30.Nxe8 Rxe8 31.e5 Nf5 32.Qf4 Ng7 33.Qf6 Kg8 34.Qxb6 Rb8 35.Qd6 Qe8 36.e6 fxe6
37.dxe6 Bxg2 38.Kxg2 Rb2+ 39.Kg1 Qa8 40.Re4 Rg2+ 41.Kh1 Re2 42.Qf4 Qxe4+
43.Qxe4 Rxe4 44.Rb1 Nxe6 45.Rb5 a4  0-1

[Event "National Open Blitz"]
[Site "Las Vegas USA"]
[Date "2004.06.17"]
[Round "5"]
[White "Fridman,D2"]
[Black "Akobian,V"]
[Result "1/2-1/2"]
[WhiteElo "2594"]
[BlackElo "2516"]

1.d4 Nf6 2.Nf3 e6 3.g3 c5 4.Bg2 Nc6 5.O-O d5 6.c4 Be7 7.cxd5 exd5 8.Nc3 O-O
9.b3 Bg4 10.dxc5 Bxc5 11.Bb2 a6 12.Rc1 Ba7 13.e3 d4 14.exd4 Nxd4 15.Na4 Nxf3+
16.Bxf3 Qxd1 17.Bxd1 Bxd1 18.Rfxd1 Rac8 19.Ba3 Rfe8 20.Rxc8 Rxc8 21.Bc5 Bxc5
22.Nxc5 h5 23.Nxb7 Rc2 24.Rd8+ Kh7 25.Nd6 Kg6 26.a4 Rb2 27.Rb8 Ng4 28.Rb6 f6
29.Ne4 Re2 30.Re6 Kf5 31.Rxa6 Rxe4 32.Ra5+ Re5 33.Ra7 Re1+ 34.Kg2 Re2 35.h3 Nxf2
36.Kf3 Rb2 37.Rxg7 Nd3 38.g4+ hxg4+ 39.hxg4+  1/2-1/2

[Event "National Open"]
[Site "Las Vegas USA"]
[Date "2004.06.18"]
[Round "1"]
[White "Akobian,V"]
[Black "Carreto Nieto,G"]
[Result "1-0"]
[WhiteElo "2516"]
[BlackElo "2174"]

1.d4 Nf6 2.c4 c5 3.d5 b5 4.cxb5 a6 5.bxa6 g6 6.Nc3 Bxa6 7.e4 Bxf1 8.Kxf1 d6
9.Nge2 Bg7 10.h3 Nbd7 11.Kg1 O-O 12.Kh2 Qb6 13.Rf1 e5 14.Qd3 Nh5 15.Qb5 Qd8
16.a4 f5 17.a5 f4 18.f3 g5 19.a6 Nhf6 20.Qc6 h5 21.Qxd6 Ng4+ 22.fxg4 Rf6
23.Qc6 Rxc6 24.dxc6 Nf6 25.Rd1 Qc7 26.gxh5 Qxc6 27.Nd5 Nxd5 28.exd5 Qh6 29.Nc3 Qxh5
30.Bd2 g4 31.Re1 Kf7 32.Ne4 Bf6 33.Nxf6 Kxf6 34.Bc3 gxh3 35.Rxe5 Qg4 36.Rh5+ Kg6
37.Rxh3 Qe2 38.a7 Qe4 39.Ra6+ Kf5 40.Re6 Qxd5 41.Re5+ Qxe5 42.Rh5+  1-0

[Event "National Open"]
[Site "Las Vegas USA"]
[Date "2004.06.19"]
[Round "3"]
[White "Akobian,V"]
[Black "Lugo,B"]
[Result "1/2-1/2"]
[WhiteElo "2516"]
[BlackElo "2395"]

1.d4 d5 2.c4 c6 3.cxd5 cxd5 4.Nf3 Nf6 5.Nc3 Nc6 6.Bf4 Nh5 7.Bd2 g6 8.Qb3 e6
9.e3 Bg7 10.Bb5 Bd7 11.Na4 a6 12.Bxc6 Bxc6 13.Nb6 Rb8 14.a4 O-O 15.Rc1 Re8
16.Ba5 e5 17.dxe5 d4 18.Nxd4 Rxe5 19.Rxc6 Rxa5 20.Rc4 Nf4 21.g3 Nd5 22.Nxd5 Rxd5
23.O-O Bxd4 24.Rxd4 Rxd4 25.exd4 Qxd4 26.Rd1 Qg4 27.Re1 Qd7  1/2-1/2

[Event "National Open"]
[Site "Las Vegas USA"]
[Date "2004.06.20"]
[Round "5"]
[White "Akobian,V"]
[Black "Golod,V"]
[Result "1/2-1/2"]
[WhiteElo "2516"]
[BlackElo "2552"]

1.d4 Nf6 2.c4 g6 3.Nc3 d5 4.Nf3 Bg7 5.Bf4 O-O 6.cxd5 Nxd5 7.Be5 Bxe5 8.Nxe5 c5
9.e3 Nxc3 10.bxc3 Nd7 11.Nf3 b6 12.Be2 Bb7 13.O-O Qc7 14.a4 Nf6  1/2-1/2

[Event "2nd LA Masters"]
[Site "Los Angeles USA"]
[Date "2005.02.07"]
[Round "3"]
[White "Akobian,V"]
[Black "Khachiyan,M"]
[Result "1/2-1/2"]
[WhiteElo "2571"]
[BlackElo "2462"]

1.d4 Nf6 2.c4 g6 3.f3 d5 4.cxd5 Nxd5 5.e4 Nb6 6.Nc3 Bg7 7.Be3 O-O 8.Qd2 e5
9.d5 c6 10.O-O-O cxd5 11.exd5 Na6 12.h4 Bd7 13.h5 Rc8 14.hxg6 fxg6 15.Bh6 Bxh6
16.Qxh6 Qe7 17.Bxa6 bxa6 18.Ne2 e4 19.d6 Qg7 20.Qxg7+ Kxg7 21.fxe4 Rf2 22.Kb1 Rxg2
23.Nf4 Rf2 24.Nd3 Rg2 25.Nf4 Rf2 26.Nd3 Rg2  1/2-1/2

[Event "IBAR Inv"]
[Site "Santa Monica USA"]
[Date "2005.02.24"]
[Round "3"]
[White "Akobian,V"]
[Black "Kretchetov,A"]
[Result "1-0"]
[WhiteElo "2571"]
[BlackElo "2326"]

1.d4 Nf6 2.c4 c6 3.Nc3 d5 4.e3 g6 5.Nf3 Bg7 6.Bd3 O-O 7.O-O Bg4 8.h3 Bxf3
9.Qxf3 e6 10.Rd1 Nbd7 11.b3 Re8 12.Bb2 a6 13.Rac1 e5 14.cxd5 cxd5 15.dxe5 Nxe5
16.Qe2 Qa5 17.Na4 Nxd3 18.Qxd3 Rac8 19.Bc3 Qd8 20.Bd4 Rxc1 21.Rxc1 Ne4 22.Nb6 Qd6
23.Bxg7 Qxb6 24.Bb2 Qe6 25.Qd4 f6 26.Rc7 b5 27.Qa7 Ng5 28.Rg7+ Kh8 29.h4 Qg4
30.Bxf6  1-0

[Event "IBAR Inv"]
[Site "Santa Monica USA"]
[Date "2005.02.25"]
[Round "5"]
[White "Akobian,V"]
[Black "Khachiyan,M"]
[Result "1/2-1/2"]
[WhiteElo "2571"]
[BlackElo "2462"]

1.d4 Nf6 2.c4 g6 3.Nc3 d5 4.cxd5 Nxd5 5.e4 Nxc3 6.bxc3 Bg7 7.Nf3 c5 8.Rb1 O-O
9.Be2 cxd4 10.cxd4 Qa5+ 11.Qd2 Qxd2+ 12.Bxd2 e6 13.O-O b6  1/2-1/2

[Event "HB Global CC"]
[Site "Minneapolis USA"]
[Date "2005.05.21"]
[Round "7"]
[White "Akobian,V"]
[Black "Li Wenliang"]
[Result "1/2-1/2"]
[WhiteElo "2556"]
[BlackElo "2422"]

1.d4 Nf6 2.c4 e6 3.Nc3 Bb4 4.Qc2 O-O 5.a3 Bxc3+ 6.Qxc3 b6 7.Nf3 Bb7 8.e3 d6
9.b4 Ne4 10.Qc2 Nd7 11.Be2 f5 12.Bb2 a5 13.O-O Qe7 14.Rac1 axb4 15.axb4 c5
16.Qb3 Ndf6 17.Ra1 Rxa1 18.Rxa1 Ra8 19.Ne1 Rxa1 20.Bxa1 Ng4 21.Bxg4 fxg4
22.Nd3 h5 23.bxc5 bxc5 24.dxc5 Nxc5 25.Nxc5 dxc5 26.Qd3 Qc7 27.Bc3 Qc6 28.e4 Qxe4
29.Qxe4 Bxe4 30.Be5 Bd3 31.Bd6 Bxc4  1/2-1/2

[Event "National Open"]
[Site "Las Vegas USA"]
[Date "2005.06.10"]
[Round "1"]
[White "Hanken,J"]
[Black "Akobian,V"]
[Result "0-1"]
[WhiteElo "2050"]
[BlackElo "2556"]

1.c4 Nf6 2.g3 e6 3.Nf3 d5 4.Bg2 c5 5.O-O Nc6 6.cxd5 exd5 7.d4 Be7 8.b3 Bg4
9.Bb2 O-O 10.Ne5 Bh5 11.Nxc6 bxc6 12.dxc5 Bxc5 13.Qe1 Qe7 14.Nc3 Bd6 15.Qd2 Rfe8
16.Rae1 Rad8 17.e3 Bb4 18.Qc1 c5 19.f3 Bg6 20.Kh1 h5 21.Qa1 Bd3 22.Rg1 Ba5
23.Rd1 Qxe3 24.Na4 Be2 25.Rc1 d4 26.Nxc5 Bxf3 27.a3 Ng4 28.h3 Nf2+ 29.Kh2 h4
30.b4 hxg3+  0-1

[Event "33rd World Open"]
[Site "Philadelphia USA"]
[Date "2005.06.30"]
[Round "3"]
[White "Akobian,V"]
[Black "Venkatesh,M"]
[Result "1/2-1/2"]
[WhiteElo "2556"]
[BlackElo "2435"]

1.d4 Nf6 2.c4 e6 3.Nc3 Bb4 4.Qc2 O-O 5.a3 Bxc3+ 6.Qxc3 b6 7.Nf3 Bb7 8.e3 d6
9.b4 Nbd7 10.Bb2 Ne4 11.Qc2 f5 12.Be2 Ng5 13.Qd1 f4 14.O-O  1/2-1/2

[Event "33rd World Open"]
[Site "Philadelphia USA"]
[Date "2005.07.03"]
[Round "6"]
[White "Akobian,V"]
[Black "Miton,K"]
[Result "1/2-1/2"]
[WhiteElo "2556"]
[BlackElo "2592"]

1.d4 Nf6 2.c4 e6 3.Nc3 Bb4 4.Qc2 d5 5.cxd5 Qxd5 6.e3 c5 7.Bd2 Bxc3 8.Bxc3 cxd4
9.Bxd4 Nc6 10.Bc3 O-O 11.Nf3 Qc5 12.Rc1 Nd5 13.Ng5 f5 14.Be2 Bd7 15.Qb3 Qb6
16.Bc4 Qxb3 17.Bxb3 h6 18.Nf3 Nxc3 19.Rxc3 Kf7 20.Ba4 Kf6 21.Ke2 Rfd8 22.Rhc1 Nb4
23.Bxd7 Rxd7 24.Rb3 Nc6 25.Rd1 Rad8 26.Rxd7 Rxd7 27.a3  1/2-1/2

[Event "American Continental"]
[Site "Buenos Aires ARG"]
[Date "2005.08.12"]
[Round "7"]
[White "Vescovi,G"]
[Black "Akobian,V"]
[Result "1-0"]
[WhiteElo "2640"]
[BlackElo "2558"]

1.d4 d5 2.c4 c6 3.Nc3 Nf6 4.e3 g6 5.Nf3 Bg7 6.h3 O-O 7.Bd2 Ne4 8.Rc1 Nxd2
9.Qxd2 e6 10.Be2 Nd7 11.O-O dxc4 12.Bxc4 c5 13.Rfd1 cxd4 14.Nxd4 Ne5 15.Be2 Bd7
16.f4 Nc6 17.Ndb5 Bc8 18.Qxd8 Rxd8 19.Rxd8+ Nxd8 20.Rd1 Bf6 21.Bf3 a6 22.Nd6 Bxc3
23.bxc3 Kf8 24.Nc4 Ke7 25.Nb6 Rb8 26.c4 f6 27.c5 e5 28.Nd5+ Kf7 29.Nxf6 Bxh3
30.Nd7 Bxd7 31.Rxd7+ Kf6 32.Bd5 exf4 33.exf4 g5 34.fxg5+ Kxg5 35.Rxh7 Nc6
36.Rc7 Na5 37.Bf3 Kf4 38.Kf2 Rd8 39.Ke2 Nc4 40.Rxb7 Rd2+ 41.Ke1 Rc2 42.Rf7+ Ke3
43.Re7+ Kd4 44.c6 Nd6 45.Re2 Rc1+ 46.Kf2 Kc5 47.g4 Nb5 48.Rd2 Kb6 49.Kg3 Rc5
50.Kh4 Rc3 51.Bg2 Rc4 52.Bf1 Rxc6 53.Bxb5 axb5 54.g5  1-0

[Event "Foxwoods Open"]
[Site "Ledyards USA"]
[Date "2006.04.12"]
[Round "1"]
[White "Akobian,V"]
[Black "Tuvshintugs,B"]
[Result "1-0"]
[WhiteElo "2575"]
[BlackElo "2206"]

1.d4 Nf6 2.c4 g6 3.Nc3 d5 4.Nf3 Bg7 5.e3 O-O 6.b4 a5 7.b5 c5 8.bxc6 bxc6
9.Ba3 Ba6 10.Qa4 Nbd7 11.Qxc6 Bxc4 12.Bxc4 Rc8 13.Qb5 dxc4 14.O-O Re8 15.Rab1 e6
16.Rfc1 e5 17.dxe5 Rb8 18.Qxc4 Nxe5 19.Nxe5 Rxe5 20.Rxb8 Qxb8 21.Rb1 Qa7
22.Ne2 h5 23.h3 Re4 24.Nd4 Kh7 25.Qc6 Qd7 26.Qxd7 Nxd7 27.Rb7 Ne5 28.Bc5 Kg8
29.g3 g5 30.Kf1 a4 31.Ke2 h4 32.gxh4 Rxh4 33.Nf5 Re4 34.Bd4 Nc6 35.Bxg7  1-0

[Event "Foxwoods Open"]
[Site "Ledyards USA"]
[Date "2006.04.16"]
[Round "8"]
[White "Margvelashvili,G"]
[Black "Akobian,V"]
[Result "1/2-1/2"]
[WhiteElo "2441"]
[BlackElo "2575"]

1.d4 Nf6 2.c4 e6 3.Nf3 d5 4.Bg5 Bb4+ 5.Nc3 h6 6.Bxf6 Qxf6 7.e3 dxc4 8.Bxc4 c5
9.Rc1 O-O 10.O-O cxd4 11.Nxd4 Nd7 12.Be2 Rd8 13.Qc2 Bf8  1/2-1/2

[Event "National Open"]
[Site "Las Vegas USA"]
[Date "2006.06.17"]
[Round "3"]
[White "Gonzalez,Ren"]
[Black "Akobian,V"]
[Result "0-1"]
[WhiteElo "2470"]
[BlackElo "2575"]

1.e4 e6 2.Qe2 c6 3.Nf3 d5 4.d3 dxe4 5.dxe4 e5 6.c3 Qc7 7.Qc2 Nf6 8.Bc4 b5
9.Be2 Nbd7 10.Bg5 Be7 11.Nbd2 Nc5 12.O-O Ne6 13.Bxf6 Bxf6 14.b4 Nf4 15.Nb3 O-O
16.c4 Qb6 17.c5 Qc7 18.g3 Nxe2+ 19.Qxe2 Be6 20.Na5 Be7 21.Qe3 Rfd8 22.a4 a6
23.axb5 axb5 24.Rfd1 f6 25.Qe1 Rxd1 26.Qxd1 Bxc5 27.Nxc6 Rxa1 28.Qxa1 Qxc6
29.bxc5 Qxc5 30.Qa8+ Qc8 31.Qa5 Bh3 32.Qa2+ Kh8 33.Qb1 Qc3 34.Qd1 h6 35.Nh4 Kh7  0-1

[Event "National Open"]
[Site "Las Vegas USA"]
[Date "2006.06.17"]
[Round "4"]
[White "Akobian,V"]
[Black "Wojtkiewicz,A"]
[Result "1/2-1/2"]
[WhiteElo "2575"]
[BlackElo "2552"]

1.d4 d5 2.c4 c6 3.Nf3 Nf6 4.Nc3 dxc4 5.a4 Bf5 6.Ne5 Nbd7 7.Nxc4 Nb6 8.Ne5 a5
9.f3 Nfd7 10.Nxd7 Nxd7 11.e4 Bg6 12.Be2 e6 13.O-O Bb4 14.Be3 O-O 15.Qb3 Qc7
16.Rac1 Rfe8 17.Kh1 Rad8 18.Rfd1 Qb8 19.Na2 Bd6 20.Bg1 Bc7 21.Rc2 h6 22.Nc1 Kh8
23.Nd3 Bh7 24.Qc3 Rc8 25.b4 axb4 26.Qxb4 Qa8 27.Rb1 Rb8 28.Rcb2 e5 29.dxe5 Nxe5
30.Nc5 Bd6 31.Qc3 Re7 32.a5 f6 33.Qd2 Bxc5 34.Bxc5 Rd7 35.Qc3 Rbd8 36.Bb6 Re8
37.Bd4 Bg8 38.h3 Ng6 39.Bf1 Qd8 40.Bc5 Qc8 41.Rb6 Red8 42.Qb4 Ba2 43.Re1 Ne5
44.Kg1 Bg8 45.Be2 Nd3 46.Bxd3 Rxd3  1/2-1/2

[Event "National Open"]
[Site "Las Vegas USA"]
[Date "2006.06.18"]
[Round "5"]
[White "Mikhalevski,V"]
[Black "Akobian,V"]
[Result "1/2-1/2"]
[WhiteElo "2566"]
[BlackElo "2575"]

1.d4 d5 2.c4 dxc4 3.e3 e6 4.Bxc4 Nf6 5.Nf3 c5 6.O-O a6 7.dxc5 Qxd1 8.Rxd1 Bxc5
9.Be2 Nbd7 10.b3 b6 11.Bb2 Bb7 12.Nbd2 Ke7 13.Rac1 Rac8 14.Nc4 Rhd8 15.Kf1 h6  1/2-1/2

[Event "National Open"]
[Site "Las Vegas USA"]
[Date "2006.06.18"]
[Round "6"]
[White "Akobian,V"]
[Black "Khachiyan,M"]
[Result "1-0"]
[WhiteElo "2575"]
[BlackElo "2465"]

1.d4 Nf6 2.c4 g6 3.Nc3 d5 4.Bg5 Ne4 5.Bh4 Nxc3 6.bxc3 Bg7 7.cxd5 Qxd5 8.e3 c5
9.Nf3 Nc6 10.Qb3 Qxb3 11.axb3 cxd4 12.exd4 e5 13.d5 e4 14.Nd2 Nb4 15.Nxe4 O-O
16.O-O-O Bf5 17.Nf6+ Kh8 18.Kb2 h6 19.f4 Nc2 20.h3 Rad8 21.g4 Ne3 22.Re1 Nxf1
23.Rhxf1 Bc8 24.Rd1 b5 25.b4 a5 26.bxa5 b4 27.cxb4 Rd6 28.g5 Bxh3 29.Rfe1 Bd7
30.Bf2 Rb8 31.Ka3 Bxf6 32.gxf6 Kg8 33.Re7 Bb5 34.Bc5 Rxf6 35.d6 Rd8 36.Rb7 Be2
37.Rd2 Bf3 38.Rc7 Bg4 39.d7 Rxf4 40.Rc8  1-0

[Event "34th World Open"]
[Site "Philadelphia USA"]
[Date "2006.06.30"]
[Round "3"]
[White "Akobian,V"]
[Black "Adu,O"]
[Result "1-0"]
[WhiteElo "2575"]
[BlackElo "2296"]

1.d4 d5 2.c4 c6 3.Nf3 Nf6 4.Nc3 a6 5.c5 Bf5 6.Bf4 e6 7.e3 Nbd7 8.Be2 Be7
9.Nd2 Bg6 10.b4 Qc8 11.O-O O-O 12.h3 Re8 13.Bg3 Bd8 14.f4 Bc7 15.a4 Kh8 16.Bh4 Ng8
17.Nb3 Ngf6 18.Bd3 b6 19.cxb6 Bxb6 20.a5 Bd8 21.Bxf6 Nxf6 22.Nc5 Bxd3 23.Qxd3 Be7
24.Rab1 Ra7 25.Rb2 Nd7 26.N3a4 Bd8 27.Qc3 Nb8 28.Nb6 Qc7 29.Qd3 Be7 30.e4 dxe4
31.Qxe4 Bxc5 32.bxc5 Nd7 33.Nc4 Rd8 34.Rb6 Nf6 35.Qxc6 Rxd4 36.Nd6 g6 37.Rxa6 Qxc6
38.Rxc6 Rxa5 39.Nxf7+ Kg7 40.Ng5 Rd5 41.Nxe6+  1-0

[Event "34th World Open"]
[Site "Philadelphia USA"]
[Date "2006.07.03"]
[Round "6"]
[White "Coupet,P"]
[Black "Akobian,V"]
[Result "0-1"]
[WhiteElo "2283"]
[BlackElo "2575"]

1.e4 e6 2.d4 d5 3.Nc3 Nf6 4.Bg5 Bb4 5.e5 h6 6.Bd2 Bxc3 7.bxc3 Ne4 8.Bd3 Nxd2
9.Qxd2 c5 10.Nf3 c4 11.Be2 Qe7 12.h4 Qa3 13.g4 Nd7 14.Kf1 Nb6 15.Rh3 Qb2
16.Rc1 Qxa2 17.Kg2 Qb2 18.g5 Bd7 19.gxh6 gxh6 20.Rg3 O-O-O 21.Nh2 a5 22.Ng4 Na4
23.Nf6 Bc6 24.Bh5 Rdf8 25.Qe1 Kb8 26.Kh2 b5 27.Rb1 Qxc2 28.Rc1 Qb2 29.Rb1 Qa3
30.Ra1 Qe7 31.Qb1 b4 32.Bd1 b3 33.Bxb3 cxb3 34.Qxb3+ Qb7 35.Qa3 Ka8 36.Rgg1 Rb8
37.Qd6 Rhd8 38.Rgb1 Rxd6 39.exd6  0-1

[Event "34th World Open"]
[Site "Philadelphia USA"]
[Date "2006.07.04"]
[Round "8"]
[White "Sandipan,C"]
[Black "Akobian,V"]
[Result "1/2-1/2"]
[WhiteElo "2546"]
[BlackElo "2575"]

1.e4 e6 2.d4 d5 3.e5 c5 4.c3 Qb6 5.Nf3 Nc6 6.a3 c4 7.Nbd2 Na5 8.Be2 Bd7 9.O-O Ne7
10.g3 Nf5 11.Ne1 Nb3 12.Nxb3 Ba4 13.Bf4 Qxb3 14.Qd2 O-O-O 15.Bg5 Be7 16.Bxe7 Nxe7
17.Bd1 Qb5 18.Bxa4 Qxa4 19.Qg5 Nf5 20.g4 h6 21.Qf4 g5 22.Qf3 Nh4 23.Qxf7 Qd7
24.Qxd7+ Kxd7 25.f4 Rdf8 26.Ng2 Nxg2 27.Kxg2 gxf4 28.Rf3 Rhg8 29.Kh3 h5 30.Rg1 Ke7
31.Rg2 hxg4+ 32.Rxg4 Rxg4 33.Kxg4 Rg8+ 34.Kh3 Rh8+ 35.Kg2 Rg8+ 36.Kh1 Rg4
37.Rh3 b5 38.Rh7+ Ke8 39.Rh6 Ke7 40.Rh7+ Ke8 41.Rh6 Ke7  1/2-1/2

[Event "II Int Open"]
[Site "Alajuela CRC"]
[Date "2006.07.15"]
[Round "8"]
[White "Mitkov,N"]
[Black "Akobian,V"]
[Result "1/2-1/2"]
[WhiteElo "2563"]
[BlackElo "2567"]

1.d4 d5 2.Nf3 Nf6 3.e3 c6 4.Bd3 Bg4 5.Nbd2 Nbd7 6.h3 Bh5 7.c4 e6 8.O-O Bg6
9.Bxg6 hxg6 10.Qc2 Be7 11.b3 O-O 12.Bb2 a5 13.a3 Qc7 14.e4  1/2-1/2

[Event "Open"]
[Site "Santo Domingo DOM"]
[Date "2006.11.01"]
[Round "2"]
[White "Akobian,V"]
[Black "Mateo,Ra"]
[Result "1-0"]
[WhiteElo "2598"]
[BlackElo "2415"]

1.d4 Nf6 2.c4 e6 3.Nc3 Bb4 4.Qc2 c5 5.dxc5 Qc7 6.Nf3 Na6 7.e3 Nxc5 8.Bd2 Bxc3
9.Bxc3 Nce4 10.Bb4 b6 11.Nd4 a6 12.Be2 Bb7 13.O-O d6 14.a4 O-O 15.a5 bxa5
16.Bxa5 Qc8 17.f3 Nc5 18.b4 Ncd7 19.e4 Ne5 20.Rfd1 Re8 21.Rac1 Qb8 22.Kh1 Rc8
23.Qd2 Bc6 24.Qe3 Ba4 25.Rd2 Qa7 26.Qa3 Bd7 27.Qa1 Qb8 28.Rdc2 Ng6 29.Qa3 Qb7
30.c5 dxc5 31.bxc5 Bc6 32.Rc3 Qb8 33.h3 e5 34.Nxc6 Rxc6 35.Bb5 Rc7 36.c6 Nh5  1-0

[Event "Open"]
[Site "Santo Domingo DOM"]
[Date "2006.11.05"]
[Round "8"]
[White "Akobian,V"]
[Black "Mikhalevski,V"]
[Result "1/2-1/2"]
[WhiteElo "2598"]
[BlackElo "2580"]

1.Nf3 c5 2.e4 Nc6 3.Nc3 g6 4.d4 cxd4 5.Nxd4 Bg7 6.Be3 d6 7.Be2 Nf6 8.O-O O-O
9.Qd2 Ng4 10.Bxg4 Bxg4 11.f3 Nxd4 12.Bxd4 Bxd4+ 13.Qxd4 Be6 14.Rad1 Qa5  1/2-1/2

[Event "1st GMA Cup"]
[Site "Manila PHI"]
[Date "2006.11.20"]
[Round "6"]
[White "Belov,Vl"]
[Black "Akobian,V"]
[Result "1-0"]
[WhiteElo "2589"]
[BlackElo "2598"]

1.e4 e6 2.d4 d5 3.Nc3 Nf6 4.e5 Nfd7 5.f4 c5 6.Nf3 Nc6 7.Be3 cxd4 8.Nxd4 Bc5
9.Qd2 Nxd4 10.Bxd4 Bxd4 11.Qxd4 Qb6 12.Nb5 Qxd4 13.Nxd4 Ke7 14.h4 h5 15.Rh3 Nb8
16.Rc3 Bd7 17.Rc7 Nc6 18.O-O-O Rhb8 19.Bb5 Kd8 20.Rxc6 a6 21.Rc3 axb5 22.a3 Rc8
23.Rxc8+ Rxc8 24.Rd3 Rc4 25.b3 Rc5 26.Rg3 g6 27.Kb2 Rc8 28.Rc3 Ra8 29.Rc5  1-0

[Event "1st GMA Cup"]
[Site "Manila PHI"]
[Date "2006.11.23"]
[Round "9"]
[White "Akobian,V"]
[Black "Garma,C"]
[Result "1-0"]
[WhiteElo "2598"]
[BlackElo "2415"]

1.d4 d5 2.c4 e6 3.Nc3 Nf6 4.cxd5 exd5 5.Bg5 Be7 6.e3 h6 7.Bh4 O-O 8.Bd3 Re8
9.Nge2 Nbd7 10.O-O Nf8 11.Qc2 c6 12.f3 Nh5 13.Bf2 Bh4 14.e4 Bxf2+ 15.Rxf2 Ne6
16.e5 Qg5 17.g3 Nhf4 18.h4 Nh3+ 19.Kg2 Qe3 20.Rff1 Nxd4 21.Nxd4 Qxd4 22.f4 Bg4
23.Be2 h5 24.Rad1 Qb4 25.Rd2 Qe7 26.Bxg4 hxg4 27.Qd1 Qe6 28.f5 Qh6 29.Rd4 Ng5
30.Rxg4 Nh7 31.Qd4 Rad8 32.Qf4 Qxf4 33.gxf4 f6 34.e6 d4 35.Ne4 Rd5 36.Kf3 Re7
37.Ng3 Nf8 38.h5 Kh7 39.Rd1 a5 40.Rh4 c5 41.Rh2 d3 42.b3 b5 43.Rhd2 c4 44.bxc4 bxc4
45.Rc1 Rc7 46.Ke3 Rd6 47.Rc3 Kh6 48.Kf3 Rd5 49.Rd1 Kh7 50.Re1 Kg8 51.Ke3 Nh7
52.Kd2 Kf8 53.Re4 Rdc5 54.Rd4 Ke7 55.Nf1 Rxf5 56.Ne3 Rxh5 57.Nd5+ Rxd5 58.Rxd5 Kxe6
59.Rdxd3 g5 60.Rd4 gxf4 61.Rcxc4 Rb7 62.Re4+ Kf7 63.Rxf4 Rb2+ 64.Rc2 Rb5
65.Rc7+ Kg6 66.Ra4 Ng5 67.Ra7 Rd5+ 68.Ke2 Re5+ 69.Kf1 Rb5 70.R4xa5 Rb2 71.Re7 Nf3
72.Re2 Nh2+ 73.Ke1 Rb1+ 74.Kf2 f5 75.a4 Ng4+ 76.Kg2 Rb3 77.Re6+ Kg5 78.Rb5 Ra3
79.a5 Ra2+ 80.Kf3 Rf2+ 81.Kg3 Ra2 82.a6 Ra3+ 83.Kg2 Kh4 84.Rxf5 Rxa6 85.Rxa6 Ne3+
86.Kf3 Nxf5 87.Kf4  1-0

[Event "II Rapid"]
[Site "Canada de Calatrava ESP"]
[Date "2007.04.07"]
[Round "4"]
[White "Akobian,V"]
[Black "Karpov,Ana"]
[Result "1/2-1/2"]
[WhiteElo "2600"]
[BlackElo "2668"]

1.d4 Nf6 2.c4 e6 3.Nf3 b6 4.g3 Ba6 5.b3 Bb4+ 6.Bd2 Be7 7.Bg2 c6 8.O-O d5
9.Ne5 Nfd7 10.Bf4 Nxe5 11.Bxe5 O-O 12.Nd2 Nd7 13.Bf4 Bf6 14.e3 Qe7 15.h4 e5  1/2-1/2

[Event "ch-USA"]
[Site "Stillwater USA"]
[Date "2007.05.16"]
[Round "2"]
[White "Khachiyan,M"]
[Black "Akobian,V"]
[Result "1/2-1/2"]
[WhiteElo "2475"]
[BlackElo "2574"]

1.e4 e6 2.d4 d5 3.Nc3 Nf6 4.Bg5 Be7 5.e5 Nfd7 6.h4 Bxg5 7.hxg5 Qxg5 8.Nh3 Qe7
9.Nf4 Nc6 10.Qg4 Nxd4 11.O-O-O Nf5 12.Nfxd5 exd5 13.Nxd5 Qxe5 14.Bb5 O-O
15.Qh5 h6 16.Rhe1 Qxd5 17.Rxd5 Nf6 18.Qf3 Nxd5 19.g4 Nfe7 20.c4 Nb6 21.Rxe7 c6
22.c5 cxb5 23.cxb6 axb6 24.Qe2 Be6 25.b3 Ra5 26.f4 Rfa8 27.f5 Rxa2 28.Qxb5 R2a5
29.Qxb6 Bd5 30.Rd7 R5a6 31.Qe3  1/2-1/2

[Event "ch-USA"]
[Site "Stillwater USA"]
[Date "2007.05.23"]
[Round "9"]
[White "Akobian,V"]
[Black "Sevillano,E"]
[Result "1-0"]
[WhiteElo "2574"]
[BlackElo "2493"]

1.d4 Nf6 2.c4 c5 3.d5 b5 4.cxb5 e6 5.Nc3 exd5 6.Nxd5 Bb7 7.Nxf6+ Qxf6 8.Nf3 Be7
9.e3 Qg6 10.Bd2 O-O 11.Bc3 Bf6 12.Rc1 a6 13.bxa6 Nxa6 14.a3 Bxc3+ 15.Rxc3 Rfe8
16.h4 d5 17.Bd3 Qxg2 18.Rg1 Qh3 19.Bxh7+ Kf8 20.Rg3 Qh1+ 21.Rg1 Qh3 22.Rg3 Qh1+
23.Kd2 Qxd1+ 24.Kxd1 g6 25.h5 gxh5 26.Nh4 Ke7 27.Nf5+ Kd7 28.Rg5 c4 29.Rxh5 Nc5
30.Nd4 Rh8 31.Rc1 Kd6 32.Kc2 Nd3 33.Rch1 Ne5 34.Rh6+ Kc7 35.Nb5+ Kd8 36.Bf5 Rxh6
37.Rxh6 Ra6 38.Rxa6 Bxa6 39.Nd4 Kc7 40.Kc3 Bc8 41.f4 Bxf5 42.fxe5 Bg4 43.Kb4 Kb6
44.a4 Bh5 45.a5+ Ka6 46.Nb5 Bf3 47.Nd6 Bh5 48.e4  1-0

[Event "35th World Open"]
[Site "King of Prussia USA"]
[Date "2007.06.03"]
[Round "7"]
[White "Yudasin,L"]
[Black "Akobian,V"]
[Result "1/2-1/2"]
[WhiteElo "2550"]
[BlackElo "2574"]

1.c4 c5 2.Nc3 Nc6 3.g3 g6 4.Bg2 Bg7 5.e3 e6 6.Nge2 Nge7 7.O-O d5 8.cxd5 exd5
9.d4 cxd4 10.Nxd4 O-O 11.Nxc6 bxc6 12.Na4  1/2-1/2

[Event "National Open"]
[Site "Las Vegas USA"]
[Date "2007.06.10"]
[Round "6"]
[White "Akobian,V"]
[Black "Sevillano,E"]
[Result "1/2-1/2"]
[WhiteElo "2574"]
[BlackElo "2493"]

1.d4 Nf6 2.c4 c5 3.d5 e6 4.Nc3 exd5 5.cxd5 d6 6.e4 a6 7.a4 g6 8.h3 Bg7 9.Nf3 O-O
10.Bd3 Re8 11.O-O Nbd7 12.Re1 Qe7 13.Bg5 h6 14.Be3 g5 15.Qd2 b6 16.Rad1 Nf8
17.h4 g4 18.Nh2 h5 19.Bg5 Ng6 20.Nf1 Qc7 21.Ng3 Re5 22.f4 gxf3 23.gxf3 Bd7
24.f4 Ree8 25.f5 Ne5 26.Be2 Kh7 27.Kh1 Rg8 28.Rg1 Neg4 29.Qf4 Be8 30.Rg2 Qe7
31.Rdg1 Qe5 32.Qxe5 dxe5 33.Nxh5 Nxh5 34.Rxg4 f6 35.Be3 Bf7 36.b3 Nf4 37.Bxf4 exf4
38.Rxf4 Rge8 39.Rf3 Bh6 40.Rd3 Ra7 41.Rf1 Bf8 42.Rd2 Bh6 43.Rd3 Bf8 44.Rg1 Bd6
45.Bf3 Rc7 46.Nd1 c4 47.Rc3 b5 48.axb5 axb5 49.bxc4 Rxc4 50.Rxc4 bxc4 51.Ne3 Rc8
52.Rb1 c3 53.Kg2 Bf4 54.Nc2 Be8 55.Bd1 Be5 56.Kf3 Ba4 57.Ke2 Rc4 58.Ke3 Rc5
59.h5 Kh6 60.Ra1 Bxc2 61.Bxc2 Kxh5 62.Kd3 Rc8 63.Ra6 Kg4 64.Ba4 Kf4 65.d6 c2
66.Bxc2 Rd8  1/2-1/2

[Event "Campeonato Continental Absolut"]
[Site "Cali COL"]
[Date "2007.07.19"]
[Round "10"]
[White "Vescovi,G"]
[Black "Akobian,V"]
[Result "1/2-1/2"]
[WhiteElo "2609"]
[BlackElo "2570"]

1.d4 e6 2.c4 Bb4+ 3.Bd2 Qe7 4.g3 Nf6 5.Bg2 Nc6 6.e3 e5 7.d5 Nb8 8.Nc3 O-O
9.Nge2 d6 10.Qc2 Re8 11.a3 Bxc3 12.Bxc3 c5 13.dxc6 Nxc6 14.b3 Be6 15.Rd1 Red8
16.O-O a5 17.Bb2 d5 18.cxd5 Bxd5 19.Bxd5 Nxd5 20.Nc3 Nxc3 21.Qxc3 Rac8 22.Rxd8+ Rxd8
23.f4 h6 24.fxe5 Qe6 25.Qc2 Nxe5 26.Qc3 Re8 27.Qxa5 Qxb3 28.Bd4 Nc6 29.Qf5 Nxd4
30.exd4 Rd8 31.Rb1 Qe3+ 32.Kg2 g6 33.Qe5 Qd2+ 34.Kh3 Qd3 35.Qf6 Qxb1 36.Qxd8+ Kg7
37.Kg2 Qa2+ 38.Kg1 Qxa3 39.d5 b5 40.d6 Qe3+ 41.Kg2 Qe2+ 42.Kg1 Qe1+ 43.Kg2 Qe2+
44.Kg1 Qe1+ 45.Kg2 Qe2+  1/2-1/2